La sociedad : perspectivas evolutivas y comparativas /

Análisis comparativo y evolutivo de la sociedad, desde la noción parsoniana que la define como "un tipo de sistema social que se caracteriza por el más alto nivel de autosuficiencia en relación a su ambiente, incluyendo otros sistemas sociales". Talcott Parsons desarrolla sus planteamientos tanto en...

Descripción completa

Guardado en:
Detalles Bibliográficos
Autor principal: Parsons, Talcott (autor)
Otros autores: Contín, Agustín (traducción) (traducción)
Formato: Libro
Idioma:Español
Publicado: México : Trillas, 1974
Colección:(Temas Fundamentales de Sociología Moderna)
Temas:
Etiquetas: Agrega una etiqueta
Sin etiquetas, Sé el primero en etiquetar este registro!

MARC

LEADER 00000nam^a2200000^a^4500
001 000000161
005 20250521000000.0
009 20260310083015.911
037 |a Acervo ITESO - Biblioteca 
041 |a ESP 
082 |a 300. 1  |b PAR 
100 |a Parsons, Talcott  |e (autor) 
245 1 3 |a La sociedad :  |b perspectivas evolutivas y comparativas /  |c T. Parsons ; tr. por Agustín Contin. 
264 1 |a México :  |b Trillas,  |c 1974 
300 |a 179 p. 
336 |a texto  |b txt  |2 rdacontenido 
337 |a sin mediación  |b n  |2 rdamedio 
338 |a volumen  |b nc  |2 rdasoporte 
440 1 |a (Temas Fundamentales de Sociología Moderna) 
500 |a Traducción de: Societes: Evolutionary and Comparative Perspectives 
520 |a Análisis comparativo y evolutivo de la sociedad, desde la noción parsoniana que la define como "un tipo de sistema social que se caracteriza por el más alto nivel de autosuficiencia en relación a su ambiente, incluyendo otros sistemas sociales". Talcott Parsons desarrolla sus planteamientos tanto en la presente obra, como en otra que lleva por título El sistema de sociedades modernas. En esta edición el análisis se centra en las sociedades primitivas y arcaicas, en los imperios históricos y las sociedades, llamadas por él, semilleras. 
649 |a XX 
650 |a Organización Social -  |x Teoría 
650 |a Sociedad -  |x Teoría -  |x Tema Principal 
650 |a Sociedad Primitiva 
650 |a Historia Antigua 
650 |a Civilización -  |x Historia 
650 |a Funcionalismo 
650 |a Sociología -  |x Teoría -  |x Tema Principal 
700 |a Contín, Agustín  |e (traducción) 
910 |a Fondo General 
920 |a Impresos - Libros 
930 |a Colección General 
905 |a 101 
901 |a 0001610100  |b IT1  |c ACC  |i 000161  |u 20250521 
902 |a https://opac.biblio.iteso.mx/vufind/Record/000000161